Statystyki dla Zrób okno z witrażem

Kliknij tutaj aby rozwiązać quiz!

Ogólne statystyki

  • Ten quiz został rozwiązany 11 840 razy
  • Średni wynik to 17 z 25

Odpowiedzi na mapie

Odpowiedzi skodowane kolorowo w zielono-czerwonej skali na mapie do tego quizu, zgodnie z poniższymi procentami.
 

Statystyki odpowiedzi

#Odpowiedź% Poprawnych
69Polska
98%
112Rosja
95%
181Francja
91%
46Niemcy
91%
273Stany Zjednoczone
91%
109Hiszpania
89%
412Włochy
87%
217Wielka Brytania
85%
92Ukraina
84%
59Kanada
83%
291Brazylia
82%
93Meksyk
77%
74Argentyna
76%
80Chiny
74%
74Australia
66%
337Indie
66%
50Irlandia
60%
41Republika Południowej Afryki
54%
80Kolumbia
53%
52Rumunia
53%
39Wenezuela
44%
37Indonezja
41%
57Nigeria
31%
143Filipiny
30%
40Ghana
10%

Rozkład punktacji

Percentyl według liczby udzielonych odpowiedzi

Procent ludzi z każdym wynikiem

Twoja historia wyników

Nie rozwiązałeś tego quizu